| 000 | 00548nam a2200193Ia 4500 | ||
|---|---|---|---|
| 003 | GCL | ||
| 008 | 140319s9999 xx 000 0 ara d | ||
| 040 |
_aGCL / _cGCL |
||
| 082 | 0 | 4 |
_a415 _bف م |
| 100 | 1 | _aفخرالدين قبادة | |
| 245 | 1 | 0 |
_aالمورد النحوى / _cفخرالدين قبادة |
| 300 | _a372 | ||
| 490 |
_aكتاب _v0 |
||
| 650 | 0 | 4 | _aالنحو |
| 650 | 0 | 4 | _aاللغة العربية |
| 650 | 0 | 4 | _aاللغة العربية - النحو |
| 650 | 0 | 4 | _aاللغة العربية - الصرف |
| 942 |
_2ddc _cBK |
||
| 999 |
_c41452 _d41452 |
||